[Event "Wch U20 61st"]
[Site "Gandhinagar"]
[Date "2024.06.12"]
[Round "10"]
[White "Borkhetariya Devarsh, M."]
[Black "Matsumura, Cocoro"]
[Result "0-1"]
[WhiteElo "1864"]
[BlackElo "2032"]
[PlyCount "68"]
[EventDate "2024.06.02"]
[EventType "swiss"]
[EventRounds "11"]
[EventCountry "IND"]
[SourceTitle "CBM 220 Extra"]
[Source "ChessBase"]
[SourceDate "2024.07.31"]
[SourceVersion "1"]
[SourceVersionDate "2024.07.31"]
[SourceQuality "1"]

1. e4 c5 2. Nf3 d6 3. d4 cxd4 4. Nxd4 Nf6 5. Nc3 a6 6. Be2 e5 7. Nb3 Be7 8. 0-0 0-0 9. Kh1 Be6 10. f4 exf4 11. Bxf4 Nc6 12. Qe1 Rc8 13. Rd1 Ne8 14. Qg3 Bh4 15. Qd3 Bf6 16. a3 Na5 17. e5 dxe5 18. Qxd8 Bxd8 19. Nxa5 exf4 20. Nxb7 Bf6 21. Bxa6 Bxc3 22. bxc3 Rxc3 23. Bd3 g5 24. a4 Rc7 25. Nd8 Bg4 26. Rd2 Nf6 27. Bb5 Bd7 28. Bxd7 Rxd8 29. Rd6 Nxd7 30. h4 Ra8 31. Rfd1 Nf8 32. R1d4 Ne6 33. Rb4 Rxc2 34. hxg5 Ra2 0-1

[Event "Wch U20 61st"]
[Site "Gandhinagar"]
[Date "2024.06.05"]
[Round "4"]
[White "Borkhetariya Devarsh, M."]
[Black "Sharon, Rafael"]
[Result "1-0"]
[WhiteElo "1864"]
[BlackElo "2015"]
[PlyCount "145"]
[EventDate "2024.06.02"]
[EventType "swiss"]
[EventRounds "11"]
[EventCountry "IND"]
[SourceTitle "CBM 220 Extra"]
[Source "ChessBase"]
[SourceDate "2024.07.31"]
[SourceVersion "1"]
[SourceVersionDate "2024.07.31"]
[SourceQuality "1"]

1. d4 d5 2. Nf3 Nf6 3. e3 g6 4. Bd3 Bf5 5. b3 Bg7 6. Bb2 0-0 7. 0-0 Bg4 8. h3 Bxf3 9. Qxf3 Nbd7 10. c4 c6 11. Nc3 e6 12. Rad1 Qc7 13. Bb1 Rfe8 14. Rfe1 Nb6 15. cxd5 exd5 16. g4 h6 17. Kg2 Re6 18. Ne2 Ne4 19. Nf4 Ree8 20. Rh1 Nd7 21. Bxe4 Rxe4 22. Ne2 Rae8 23. Qg3 Qa5 24. a3 Nf6 25. b4 Qd8 26. Nc3 R4e6 27. Bc1 Ne4 28. Nxe4 dxe4 29. Rhf1 Qd5 30. Bb2 Rf6 31. Qc7 Rf3 32. Rd2 h5 33. Rh1 hxg4 34. hxg4 Qe6 35. Qxb7 Qxg4+ 36. Kf1 Rf6 37. Ke1 Qg2 38. Rf1 Bh6 39. Re2 Qf3 40. Qxa7 Rd6 41. Qb7 Red8 42. Rg1 Qf6 43. Rc2 Qe6 44. Qa6 Qe7 45. Qc4 Qh4 46. Qb3 Rf6 47. Rf1 Rf3 48. Re2 Rd5 49. a4 Qd8 50. Qc4 Bf8 51. Bc3 Qd7 52. Ra2 Rf6 53. a5 Qa7 54. a6 Re6 55. Rh1 Rf6 56. Rh4 Bg7 57. Rxe4 Rh5 58. Re8+ Kh7 59. Qf1 Rf3 60. Qg2 Rhh3 61. Re4 Bf6 62. Ke2 Qd7 63. Qxf3 Rxf3 64. Kxf3 Qf5+ 65. Ke2 Qxe4 66. a7 Qg4+ 67. Kd2 Qf3 68. Kc1 Qh1+ 69. Kb2 Qf1 70. a8Q Qe2+ 71. Kb3 Qd1+ 72. Rc2 Qb1+ 73. Bb2 1-0

[Event "Wch U20 61st"]
[Site "Gandhinagar"]
[Date "2024.06.04"]
[Round "3"]
[White "Dhairya, Amit Shroff"]
[Black "Borkhetariya Devarsh, M."]
[Result "0-1"]
[WhiteElo "1459"]
[BlackElo "1864"]
[PlyCount "78"]
[EventDate "2024.06.02"]
[EventType "swiss"]
[EventRounds "11"]
[EventCountry "IND"]
[SourceTitle "CBM 220 Extra"]
[Source "ChessBase"]
[SourceDate "2024.07.31"]
[SourceVersion "1"]
[SourceVersionDate "2024.07.31"]
[SourceQuality "1"]

1. e4 e5 2. Nf3 Nf6 3. Nxe5 d6 4. Nf3 Nxe4 5. Nc3 Nf6 6. d4 Be7 7. Bf4 0-0 8. Qd2 a6 9. h3 b5 10. Bd3 Bb7 11. 0-0-0 Nbd7 12. Rde1 Re8 13. Rhg1 c5 14. dxc5 Nxc5 15. Nh2 Qa5 16. Kb1 b4 17. Ne2 Nd5 18. g4 Bf6 19. g5 Bc3 20. bxc3 Nxc3+ 21. Nxc3 bxc3 22. Rxe8+ Rxe8 23. Qc1 Bd5 24. a3 Rb8+ 25. Ka1 Rb2 26. Qxb2 cxb2+ 27. Kxb2 Nxd3+ 28. cxd3 Qb6+ 29. Kc3 Qc5+ 30. Kd2 Qxf2+ 31. Kc3 Qxg1 32. Bxd6 f5 33. gxf6 gxf6 34. Ng4 Kf7 35. d4 Qc1+ 36. Kd3 Bc4+ 37. Ke4 f5+ 38. Kxf5 Bd3+ 39. Ke5 Qg5# 0-1

[Event "IND-ch U19"]
[Site "Ahmedabad"]
[Date "2023.09.24"]
[Round "6"]
[White "Sriram, Adarsh Uppala"]
[Black "Borkhetariya Devarsh, M."]
[Result "1-0"]
[WhiteElo "1883"]
[BlackElo "1732"]
[PlyCount "59"]
[EventDate "2023.09.20"]
[EventType "swiss"]
[EventRounds "11"]
[EventCountry "IND"]
[SourceTitle "CBM 216 Extra"]
[Source "ChessBase"]
[SourceDate "2023.11.30"]
[SourceVersion "1"]
[SourceVersionDate "2023.11.30"]
[SourceQuality "1"]

1. d4 Nf6 2. Nc3 d5 3. Bf4 g6 4. e3 Bg7 5. h4 c6 6. Be2 h6 7. Nf3 Bg4 8. Ne5 Bxe2 9. Qxe2 Nbd7 10. 0-0-0 Nxe5 11. Bxe5 Rg8 12. f3 Qa5 13. e4 0-0-0 14. Kb1 e6 15. exd5 exd5 16. Qd2 h5 17. Bg3 Ne8 18. Rhe1 Bf8 19. Rxe8 Rxe8 20. Qf4 Bb4 21. Qb8+ Kd7 22. Qxb7+ Kd8 23. Na4 Re6 24. Nc5 Bxc5 25. dxc5 Rge8 26. b4 Re1 27. Qb8+ Kd7 28. Qd6+ Kc8 29. Qxc6+ Kd8 30. Qxd5+ 1-0

[Event "IND-ch U15 47th"]
[Site "New Delhi"]
[Date "2022.11.30"]
[Round "4"]
[White "Sreyas, Payyappat"]
[Black "Borkhetariya Devarsh, M."]
[Result "1/2-1/2"]
[WhiteElo "2145"]
[BlackElo "1484"]
[PlyCount "63"]
[EventDate "2022.11.28"]
[EventType "swiss"]
[EventRounds "11"]
[EventCountry "IND"]
[SourceTitle "CBM 211 Extra"]
[Source "ChessBase"]
[SourceDate "2023.01.31"]
[SourceVersion "1"]
[SourceVersionDate "2023.01.31"]
[SourceQuality "1"]

1. e4 e5 2. Nf3 Nf6 3. Nxe5 d6 4. Nf3 Nxe4 5. Nc3 Nf6 6. d4 Be7 7. Be3 a6 8. Qd2 b5 9. a3 Bb7 10. d5 Nbd7 11. g3 0-0 12. Bg2 Ng4 13. 0-0 Nde5 14. Bd4 Bf6 15. Nxe5 Nxe5 16. Ne4 Nd7 17. Nxf6+ Nxf6 18. Rfe1 Nxd5 19. Bxd5 Bxd5 20. Bxg7 Kxg7 21. Qxd5 Qf6 22. Re4 Rae8 23. Rae1 Rxe4 24. Rxe4 Qxb2 25. Qg5+ Kh8 26. Qe7 Rg8 27. Qxf7 Qg7 28. Qe6 Rf8 29. Rg4 Qa1+ 30. Kg2 Qxa3 31. f4 Qc5 32. Rg8+ 1/2-1/2